Alfonso Comín : l'home que estima és per essència, un ésser que pateix l'home que estima és per essència, un ésser que pateix
Descripción Física:
[18] p. : il. ; 29 cm
Otros Autores:
Comín, Alfonso C. 1932-1980 (Alfonso Carlos)
MARC
| LEADER | 00000nam a2200000Ia 4500 | ||
|---|---|---|---|
| 001 | 22392 | ||
| 008 | 160829s19-- ?] xx 000 0 cat d | ||
| 080 | |a FU-55-13 | ||
| 245 | |a Alfonso Comín : |b l'home que estima és per essència, un ésser que pateix | ||
| 260 | |a [s. l. : |b s. n., |c 19-- ?] | ||
| 300 | |a [18] p. : |b il. ; |c 29 cm | ||
| 600 | 1 | 0 | |a Comín, Alfonso C. |q (Alfonso Carlos), |d 1932-1980 |9 54338 |
| 700 | 1 | |a Comín, Alfonso C. |d 1932-1980 |q (Alfonso Carlos), | |
| 901 | |a Arxiu | ||
| 942 | |n 1 |2 udc | ||
| 952 | |0 0 |1 0 |4 0 |6 FU5513 |7 1 |9 52907 |a Arxiu |b Arxiu |d 2016-12-01 |l 0 |o FU-55-13 |p 22392 |r 2016-12-01 00:00:00 |w 2016-12-01 |y ARXIU | ||
| 999 | |c 56756 |d 56756 | ||